ბათუმის შოთა რუსთაველის სახელმწიფო უნივერსიტეტის ბიბლიოთეკა

Intelligence Collection: (ბიბ.ჩანაწერი № 61605)

000 -LEADER
fixed length control field 00876nam a22002177a 4500
005 - DATE AND TIME OF LATEST TRANSACTION
control field 20240328164842.0
008 - FIXED-LENGTH DATA ELEMENTS--GENERAL INFORMATION
fixed length control field 240328s2012 enk||||| |||| 00| 0 eng d
020 ## - INTERNATIONAL STANDARD BOOK NUMBER
International Standard Book Number 9780313398179X
041 ## - LANGUAGE CODE
Language code of text/sound track or separate title eng
080 ## - UNIVERSAL DECIMAL CLASSIFICATION NUMBER
Universal Decimal Classification number 355.40(73)+327 I-69
245 ## - TITLE STATEMENT
Title Intelligence Collection:
Remainder of title How to Plan and Execute Intelligence Collection in Complex Environments
Statement of responsibility, etc. Wayne Michael Hall, Gary Citrenbaum, Ervin J. Rokke, David A. Deptula.
264 ## - PRODUCTION, PUBLICATION, DISTRIBUTION, MANUFACTURE, AND COPYRIGHT NOTICE
Place of production, publication, distribution, manufacture Santa Barbara :
Name of producer, publisher, distributor, manufacturer Praeger,
Date of production, publication, distribution, manufacture, or copyright notice 2012.
300 ## - PHYSICAL DESCRIPTION
Extent 505 p.;
Other physical details 24 cm.
653 ## - INDEX TERM--UNCONTROLLED
keyword დაზვერვის ინფორმაცია
653 ## - INDEX TERM--UNCONTROLLED
keyword პოლიტიკა
700 ## - ADDED ENTRY--PERSONAL NAME
Personal name Michael Hall, Wayne
Relator term ავტორი
9 (RLIN) 21625
700 ## - ADDED ENTRY--PERSONAL NAME
Personal name Citrenbaum, Gary
Relator term ავტორი
9 (RLIN) 21626
700 ## - ADDED ENTRY--PERSONAL NAME
Personal name Rokke, Ervin J.
Relator term ავტორი
9 (RLIN) 21627
700 ## - ADDED ENTRY--PERSONAL NAME
Personal name Deptula, David A.
Relator term ავტორი
9 (RLIN) 21628
942 ## - ADDED ENTRY ELEMENTS (KOHA)
Source of classification or shelving scheme
Koha item type წიგნი
ეგზემპლარები
Withdrawn status Lost status Source of classification or shelving scheme Damaged status Not for loan Permanent Location Current Location Shelving location Date acquired Cost, normal purchase price Full call number Barcode Date last seen Copy number Price effective from Koha item type Public note
          ბათუმის შოთა რუსთაველის სახელმწიფო უნივერსიტეტის მთავარი ბიბლიოთეკა ბათუმის შოთა რუსთაველის სახელმწიფო უნივერსიტეტის მთავარი ბიბლიოთეკა წიგნსაცავი 2024-03-28 234.00 355.40(73)+327 I-69 67737 2024-03-28 67737 2024-03-28 წიგნი 234 ლ.